000 00684nam a2200205Ia 4500
003 GCL
008 140319s9999 xx 000 0 ara d
040 _aGCL /
_cGCL
082 0 4 _a509
_bا ا
100 1 _aاحمد يوسف الحسن
245 1 0 _aابحاث المؤتمر السنوى الثانى للجمعية السورية لتاريخ العلوم الذى عقد بجامعة حلب 1977 /
_cاحمد يوسف الحسن
700 1 _aمصطفى موالدى
700 1 _aسمير قحند
300 _a312 ص
490 _a100 قصة
_v0
650 0 4 _aالعلوم
650 0 4 _aالعلوم عند العرب
650 0 4 _aالمؤتمرات
942 _2ddc
_cBK
999 _c43933
_d43933